书目信息 |
| 题名: |
创造训练
|
|
| 作者: | 宋新民 主编 | |
| 分册: | ||
| 出版信息: | 武汉 华中理工大学出版社 1999.10 |
|
| 页数: | 323页 | |
| 开本: | 32开 | |
| 丛书名: | ||
| 单 册: | ||
| 中图分类: | G305 | |
| 科图分类: | ||
| 主题词: | 科学研究--理论 | |
| 电子资源: | ||
| ISBN: | 7-5609-2004-7 | |
| 000 | 00544nam0 2200193 45 | |
| 001 | 0008160966 | |
| 005 | 20000911093816.9 | |
| 010 | @a7-5609-2004-7@d15.80元 | |
| 100 | @a20000816d1999 km y0chiy0120 ea | |
| 101 | 0 | @achi |
| 105 | @a z 000yy | |
| 200 | 1 | @a创造训练@AChuang Zao Xun Lian@f宋新民 主编@FSong Xin Min Zhu Bian |
| 210 | @a武汉@c华中理工大学出版社@d1999.10 | |
| 215 | @a323页@d32开 | |
| 606 | 0 | @a科学研究@x理论 |
| 690 | @aG305@v3 | |
| 701 | 0 | @a宋新民@4主编 |
| 801 | @aCN@bPftUser@c20000816 | |
| 905 | @dG305@eS542@b134452-456@f5 | |
| 创造训练/宋新民 主编.-武汉:华中理工大学出版社,1999.10 |
| 323页;32开 |
| ISBN 7-5609-2004-7:15.80元 |
| ● |
| 相关链接 |
|
|
|
正题名:创造训练
索取号:G305/S542
 
预约/预借
| 序号 | 登录号 | 条形码 | 馆藏地/架位号 | 状态 | 备注 |
| 1 | 134452 | 201344526 | 社科二线422/409社科库 120排1列1层/ [索取号:G305/S542] | 在馆 | |
| 2 | 134453 | 201344535 | 社科二线422/409社科库 120排1列1层/ [索取号:G305/S542] | 在馆 | |
| 3 | 134454 | 201344544 | 社科二线422/409社科库 120排1列1层/ [索取号:G305/S542] | 在馆 | |
| 4 | 134455 | 201344553 | 社科二线422/409社科库 120排1列1层/ [索取号:G305/S542] | 在馆 | |
| 5 | 134456 | 201344562 | 社科二线422/409社科库 120排1列1层/ [索取号:G305/S542] | 在馆 |